Salta al contenuto

Монополизация как фактор кризисных процессов и трансформации современной рыночной экономики Монография

Работа посвящена исследованию монополистических тенденций в современной экономике. Автор убедительно доказывает что монополизация представляет собой объективную тенденцию в развитии современного капитализма. Эта тенденция выходит за рамки национальных экономик способствуя углублению глобальных риско...

Descrizione completa

Salvato in:
Dettagli Bibliografici
Autore principale: Комолов О.О
Natura: Монография
Edizione:1
Serie:Научная мысль
Accesso online:https://znanium.com/catalog/document?id=388475
https://znanium.com/cover/1843/1843772.jpg
Tags: Aggiungi Tag
Nessun Tag, puoi essere il primo ad aggiungerne! !
LEADER 03350nam0a2200325 i 4500
001 RU\infra-m\znanium\bibl\1843772
003 https://znanium.com/catalog/document?id=388475
005 20250424000000.0
010 |a 978-5-16-013676-9 
010 |a 978-5-16-106336-1  |b электр. издание 
100 |a 20250424d2021 m y0rusy0150 ca 
101 0 |a rus 
102 |a RU 
200 1 |a Монополизация как фактор кризисных процессов и трансформации современной рыночной экономики  |e Монография  |f Российский экономический университет им. Г.В. Плеханова 
205 |a 1 
210 1 |a Москва  |c ООО "Научно-издательский центр ИНФРА-М"  |d 2022 
215 |a 138 с. 
225 1 |a Научная мысль 
330 |a Работа посвящена исследованию монополистических тенденций в современной экономике. Автор убедительно доказывает что монополизация представляет собой объективную тенденцию в развитии современного капитализма. Эта тенденция выходит за рамки национальных экономик способствуя углублению глобальных рисков провоцируя кризисы и подчиняя общество интересам крупного капитала. Сформулировано положение о социоальтерации которая представляет собой процесс вытеснения рыночных отношений из современной экономики проявляющейся в развитии и повышении в ней доли нерыночных элементов под воздействием монополизации. Монография предназначена для научных работников и преподавателей общественных наук а также для всех кого интересуют вопросы противоречий рыночной экономики и перспектив посткапиталистического развития мира. 
333 |a Дополнительное профессиональное образование 
606 |a Экономика. Бухгалтерский учет. Финансы  |x Общая экономическая теория  |2 local 
608 |a Монография  |2 local 
675 |a 33(075.4)  |z rus 
686 |a 65.01  |2 rubbk 
686 |a 38.03.01  |2 okso 
686 |a 38.04.01  |2 okso 
700 1 |a Комолов  |b О.О.  |g Олег Олегович  |p Российский экономический университет им. Г.В. Плеханова 
801 0 |a RU  |b Общество с ограниченной ответственностью «ЗНАНИУМ»  |c 20210927  |2 rusmarc 
856 4 |a znanium.com  |m ebs_support@infra-m.ru  |n НИЦ ИНФРА-М  |u https://znanium.com/catalog/document?id=388475 
856 4 1 |a znanium.com  |d /cover/1843  |f 1843772.jpg  |q image/jpeg  |u https://znanium.com/cover/1843/1843772.jpg